La villa romana de La Olmeda de Pedrosa de la Vega (Palencia) (Record no. 11166)

MARC details
000 -LEADER
campo de control de longitud fija 00830nam a2200229 i 4500
001 - NÚMERO DE CONTROL
campo de control 11166
003 - IDENTIFICADOR DE NÚMERO DE CONTROL
campo de control ES-MaACL
005 - FECHA Y HORA DE LA ÚLTIMA TRANSACCIÓN
campo de control 20230906150036.0
007 - CAMPO FIJO DE DESCRIPCIÓN FÍSICA--INFORMACIÓN GENERAL
campo de control de longitud fija t|
008 - DATOS DE LONGITUD FIJA--INFORMACIÓN GENERAL
campo de control de longitud fija 930921s1993 sp a |||| | spa d
020 ## - NÚMERO INTERNACIONAL ESTÁNDAR DEL LIBRO
Número Internacional Estándar del Libro 84-86844-86-X
080 ## - NÚMERO DE LA CLASIFICACIÓN DECIMAL UNIVERSAL
Número de la Clasificación Decimal Universal 904(460.183):7.032.7
100 1# - ENTRADA PRINCIPAL--NOMBRE DE PERSONA
Nombre de persona Palol, Pere de (
Fechas asociadas al nombre 1923-2005)
9 (RLIN) 162288
245 13 - MENCIÓN DEL TÍTULO
Título La villa romana de La Olmeda de Pedrosa de la Vega (Palencia)
Resto del título : guía de de las excavaciones /
Mención de responsabilidad, etc. por Pedro de Palol.
250 ## - MENCION DE EDICION
Mención de edición 5ª ed.
260 ## - PUBLICACIÓN, DISTRIBUCIÓN, ETC.
Lugar de publicación, distribución, etc. Palencia :
Nombre del editor, distribuidor, etc. Diputación Provincial de Palencia,
Fecha de publicación, distribución, etc. 1993.
300 ## - DESCRIPCIÓN FÍSICA
Extensión 69 p :
Otras características físicas il. col. y n. ;
Dimensiones 21 cm.
651 #4 - PUNTO DE ACCESO ADICIONAL DE MATERIA--NOMBRE GEOGRÁFICO
Nombre geográfico La Olmeda (Palencia, Yacimiento)
9 (RLIN) 162286
651 #4 - PUNTO DE ACCESO ADICIONAL DE MATERIA--NOMBRE GEOGRÁFICO
Nombre geográfico Palencia (Provincia)-
Subdivisión general Restos arqueológicos romanos.
9 (RLIN) 9192
710 1# - ENTRADA AGREGADA--NOMBRE DE ENTIDAD CORPORATIVA
Nombre de entidad corporativa o nombre de jurisdicción como elemento de entrada Palencia (Provincia).
Unidad subordinada Diputación Provincial.
9 (RLIN) 6107
852 ## - LOCALIZACIÓN
Ubicación ES-MaACL
Número de control de estantería L-18526
Holdings
Estatus retirado Estado de pérdida Estado de daño No para préstamo Biblioteca de origen Biblioteca actual Ubicación en estantería Fecha de adquisición Fuente de adquisición Total de préstamos Signatura topográfica completa Código de barras Visto por última vez Precio de reemplazo Tipo de ítem Koha
        Biblioteca del Ateneo de Madrid Biblioteca del Ateneo de Madrid Depósito 2 17/01/2008     L-18526 1011386 23/02/2023 23/02/2023 Libro impreso